[Event "106th British-ch 2019"]
[Site "Torquay"]
[Date "2019.07.30"]
[Round "4.24"]
[White "Wall, Tim P"]
[Black "Jaufarally, Nadia"]
[Result "1-0"]
[WhiteElo "2246"]
[BlackElo "1944"]
[Annotator "ChessBase"]
[PlyCount "127"]
[EventDate "2019.07.27"]
[EventType "swiss"]
[EventCountry "GBR"]
[SourceTitle "playchess.com"]
[Source "ChessBase"]
[SourceQuality "1"]
[TimeControl "40/5400+30:1800+30"]

1. d4 {[%emt 0:00:00]} Nf6 {[%emt 0:01:04]} 2. Nf3 {[%emt 0:00:01]} g6 {[%emt 0:00:31]} 3. g3 {[%emt 0:00:11]} Bg7 {[%emt 0:00:06]} 4. Bg2 {[%emt 0:00:07]} O-O {[%emt 0:00:07]} 5. O-O {[%emt 0:00:15]} d6 {[%emt 0:00:48]} 6. b3 {[%emt 0:00:51]} c5 {[%emt 0:01:03]} 7. Bb2 {[%emt 0:00:35]} cxd4 {[%emt 0:01:17]} 8. Nxd4 {[%emt 0:00:16]} d5 {[%emt 0:00:43]} 9. c4 {[%emt 0:01:33]} e5 {[%emt 0:04:16]} 10. Nf3 {[%emt 0:04:50]} e4 {[%emt 0:01:22]} 11. Nd4 {[%emt 0:00:32]} dxc4 {[%emt 0:00:52]} 12. Na3 {[%emt 0:06:08]} c3 {[%emt 0:10:07]} 13. Bxc3 {[%emt 0:01:23]} Qe7 {[%emt 0:08:23]} 14. Nc4 {[%emt 0:05:38]} Rd8 {[%emt 0:00:48]} 15. Bb2 {[%emt 0:10:51]} Nd5 {[%emt 0:11:58]} 16. e3 {[%emt 0:17:20]} Na6 {[%emt 0:13:26]} 17. Ba3 {[%emt 0:11:45]} Ndb4 {[%emt 0:13:14]} 18. Qe2 {[%emt 0:05:56]} h5 {[%emt 0:04:57]} 19. h3 {[%emt 0:00:47]} Be6 {[%emt 0:04:19]} 20. Rad1 {[%emt 0:07:58]} Rac8 {[%emt 0:03:37]} 21. Rd2 {[%emt 0:02:30]} Qe8 {[%emt 0:02:18]} 22. Nxe6 {[%emt 0:03:49]} Qxe6 {[%emt 0:00:33]} 23. Rfd1 {[%emt 0:00:43]} Rxd2 {[%emt 0:01:37]} 24. Qxd2 {[%emt 0:00:14]} b5 {[%emt 0:02:41]} 25. Bxb4 {[%emt 0:10:00]} bxc4 {[%emt 0:04:16]} 26. Bc3 {[%emt 0:01:43]} Bxc3 {[%emt 0:03:41]} 27. Qxc3 {[%emt 0:00:07]} cxb3 {[%emt 0:00:25]} 28. Qxb3 {[%emt 0:00:09]} Qf5 {[%emt 0:01:45]} 29. Bf1 {[%emt 0:04:32]} Nc5 {[%emt 0:00:45]} 30. Qd5 {[%emt 0:00:05]} Qxd5 {[%emt 0:02:52]} 31. Rxd5 {[%emt 0:00:06]} Kf8 {[%emt 0:00:43]} 32. Bc4 {[%emt 0:00:41]} Ke7 {[%emt 0:00:35]} 33. g4 {[%emt 0:00:27]} hxg4 {[%emt 0:00:26]} 34. hxg4 {[%emt 0:00:06]} f6 {[%emt 0:00:43]} 35. Kg2 {[%emt 0:00:36]} Ne6 {[%emt 0:00:27]} 36. Bb5 {[%emt 0:01:19]} Nc5 {[%emt 0:00:28]} 37. Kg3 {[%emt 0:00:27]} Ke6 {[%emt 0:00:34]} 38. Bc4 {[%emt 0:00:43]} Ke7 {[%emt 0:00:35]} 39. Rd4 {[%emt 0:01:29]} Rc7 {[%emt 0:00:30]} 40. Kf4 {[%emt 0:01:19]} Nd3+ {[%emt 0:00:34]} 41. Bxd3 {[%emt 0:08:06]} exd3 {[%emt 0:00:07]} 42. Rxd3 {[%emt 0:00:08]} Rc2 {[%emt 0:00:30]} 43. Ra3 {[%emt 0:00:23]} Rxf2+ {[%emt 0:01:59]} 44. Ke4 {[%emt 0:03:54]} f5+ {[%emt 0:04:03]} 45. gxf5 {[%emt 0:00:09]} Rxf5 {[%emt 0:12:30]} 46. Rxa7+ {[%emt 0:00:08]} Kd8 {[%emt 0:01:44]} 47. a4 {[%emt 0:05:54]} Kc8 {[%emt 0:01:27]} 48. Ra6 {[%emt 0:03:49]} Kb7 {[%emt 0:01:44]} 49. Rxg6 {[%emt 0:01:05]} Ra5 {[%emt 0:00:14]} 50. Rd6 {[%emt 0:00:37]} Rxa4+ {[%emt 0:00:33]} 51. Ke5 {[%emt 0:00:07]} Kc7 {[%emt 0:01:06]} 52. Rd4 {[%emt 0:01:50]} Ra8 {[%emt 0:03:17]} 53. e4 {[%emt 0:01:42]} Ra6 {[%emt 0:01:25]} 54. Kf5 {[%emt 0:00:42]} Rb6 {[%emt 0:02:25]} 55. e5 {[%emt 0:00:20]} Rh6 {[%emt 0:00:55]} 56. e6 {[%emt 0:00:57]} Rh1 {[%emt 0:00:22]} 57. Kf6 {[%emt 0:00:54]} Rf1+ {[%emt 0:00:13]} 58. Ke7 {[%emt 0:00:10]} Rf2 {[%emt 0:02:34]} 59. Rc4+ {[%emt 0:00:29]} Kb6 {[%emt 0:01:22]} 60. Kd7 {[%emt 0:00:32]} Rd2+ {[%emt 0:00:30]} 61. Ke8 {[%emt 0:00:12]} Re2 {[%emt 0:00:39]} 62. e7 {[%emt 0:00:07]} Kb5 {[%emt 0:00:54]} 63. Rf4 {[%emt 0:03:02]} Ra2 {[%emt 0:00:53]} 64. Kf8 {[%emt 0:00:42]} 1-0

[Event "106th British-ch 2019"]
[Site "Torquay"]
[Date "2019.07.30"]
[Round "4.25"]
[White "Yoon, Jacob D"]
[Black "Villiers, Thomas"]
[Result "1-0"]
[WhiteElo "1963"]
[BlackElo "2218"]
[Annotator "NA"]
[PlyCount "91"]
[EventDate "2019.07.27"]
[EventType "swiss"]
[EventCountry "GBR"]
[SourceTitle "playchess.com"]
[Source "ChessBase"]
[SourceQuality "1"]
[TimeControl "40/5400+30:1800+30"]

1. e4 {[%emt 0:00:00]} Nf6 {[%emt 0:00:00]} 2. e5 {[%emt 0:00:00]} Nd5 {[%emt 0:00:00]} 3. Nc3 {[%emt 0:00:25]} e6 {[%emt 0:00:02]} 4. d4 {[%emt 0:01:01]} d6 {[%emt 0:01:06]} 5. Nf3 {[%emt 0:02:34]} Nxc3 {[%emt 0:03:04]} 6. bxc3 {[%emt 0:00:08]} dxe5 {[%emt 0:00:41]} 7. Nxe5 {[%emt 0:00:11]} Nd7 {[%emt 0:00:08]} 8. f4 {[%emt 0:07:05]} Nxe5 {[%emt 0:00:41]} 9. fxe5 {[%emt 0:03:16]} Qh4+ {[%emt 0:00:17]} 10. Kd2 {[%emt 0:00:12]} Be7 {[%emt 0:01:03]} 11. Qf3 {[%emt 0:00:37]} Bd7 {[%emt 0:05:37]} 12. g3 {[%emt 0:01:50]} Qg5+ {[%emt 0:01:25]} 13. Ke1 {[%emt 0:00:38]} Qg6 {[%emt 0:01:58]} 14. Bd3 {[%emt 0:01:40]} Bc6 {[%emt 0:00:41]} 15. Qe2 {[%emt 0:04:07]} Bxh1 {[%emt 0:00:09]} 16. Bxg6 {[%emt 0:00:04]} hxg6 {[%emt 0:00:07]} 17. Kf1 {[%emt 0:04:28]} g5 {[%emt 0:03:44]} 18. Kg1 {[%emt 0:00:30]} Bc6 {[%emt 0:00:08]} 19. a4 {[%emt 0:07:27]} Kd7 {[%emt 0:00:56]} 20. Ba3 {[%emt 0:01:07]} Bxa3 {[%emt 0:01:34]} 21. Rxa3 {[%emt 0:00:05]} Rh3 {[%emt 0:00:20]} 22. c4 {[%emt 0:04:11]} Rah8 {[%emt 0:00:56]} 23. d5 {[%emt 0:03:24]} exd5 {[%emt 0:00:13]} 24. cxd5 {[%emt 0:00:03]} Bxd5 {[%emt 0:00:10]} 25. Rd3 {[%emt 0:00:04]} c6 {[%emt 0:02:40]} 26. c4 {[%emt 0:00:08]} Rxh2 {[%emt 0:00:13]} 27. Qxh2 {[%emt 0:00:29]} Rxh2 {[%emt 0:00:05]} 28. Kxh2 {[%emt 0:00:03]} Ke6 {[%emt 0:00:05]} 29. cxd5+ {[%emt 0:00:03]} cxd5 {[%emt 0:00:07]} 30. Rc3 {[%emt 0:00:48]} d4 {[%emt 0:00:19]} 31. Rc7 {[%emt 0:00:43]} Kxe5 {[%emt 0:00:20]} 32. Rxb7 {[%emt 0:00:04]} a6 {[%emt 0:00:12]} 33. Rxf7 {[%emt 0:01:15]} d3 {[%emt 0:00:03]} 34. Rxg7 {[%emt 0:00:10]} Ke4 {[%emt 0:00:11]} 35. Rd7 {[%emt 0:00:21]} Ke3 {[%emt 0:00:31]} 36. Kh3 {[%emt 0:00:11]} d2 {[%emt 0:00:17]} 37. Kg4 {[%emt 0:00:15]} Ke2 {[%emt 0:00:04]} 38. Kxg5 {[%emt 0:00:07]} d1=R {[%emt 0:00:04]} 39. Rxd1 {[%emt 0:00:05]} Kxd1 {[%emt 0:00:09]} 40. Kf4 {[%emt 0:00:07]} Kc2 {[%emt 0:00:02]} 41. g4 {[%emt 0:30:02]} Kb3 {[%emt 0:30:04]} 42. g5 {[%emt 0:00:10]} Kxa4 {[%emt 0:00:02]} 43. g6 {[%emt 0:00:03]} Kb4 {[%emt 0:00:05]} 44. g7 {[%emt 0:00:01]} a5 {[%emt 0:00:03]} 45. g8=Q {[%emt 0:00:04]} a4 {[%emt 0:00:06]} 46. Qa2 {[%emt 0:00:03]} 1-0

[Event "106th British-ch 2019"]
[Site "Torquay"]
[Date "2019.07.30"]
[Round "4.26"]
[White "Krzyzanowski, Patryk"]
[Black "Starley, Robert"]
[Result "1-0"]
[WhiteElo "2114"]
[BlackElo "2058"]
[Annotator "NA"]
[PlyCount "62"]
[EventDate "2019.07.27"]
[EventType "swiss"]
[EventCountry "GBR"]
[SourceTitle "playchess.com"]
[Source "ChessBase"]
[SourceQuality "1"]
[TimeControl "40/5400+30:1800+30"]

1. Nf3 {[%emt 0:00:00]} d5 {[%emt 0:00:00]} 2. d4 {[%emt 0:00:00]} Nf6 {[%emt 0:00:07]} 3. c4 {[%emt 0:00:18]} c6 {[%emt 0:00:19]} 4. Nc3 {[%emt 0:02:54]} e6 {[%emt 0:00:23]} 5. g3 {[%emt 0:06:25]} Nbd7 {[%emt 0:00:29]} 6. Bg2 {[%emt 0:00:25]} dxc4 {[%emt 0:01:04]} 7. O-O {[%emt 0:01:09]} Bb4 {[%emt 0:02:03]} 8. Qc2 {[%emt 0:00:52]} Nd5 {[%emt 0:02:17]} 9. Nd1 {[%emt 0:04:24]} O-O {[%emt 0:02:22]} 10. Ng5 {[%emt 0:02:04]} N5f6 {[%emt 0:01:06]} 11. Qxc4 {[%emt 0:00:16]} Be7 {[%emt 0:00:46]} 12. Qc2 {[%emt 0:06:15]} h6 {[%emt 0:01:30]} 13. Nf3 {[%emt 0:00:22]} c5 {[%emt 0:03:58]} 14. Nc3 {[%emt 0:01:53]} cxd4 {[%emt 0:01:43]} 15. Nxd4 {[%emt 0:02:21]} a6 {[%emt 0:01:52]} 16. Rd1 {[%emt 0:03:39]} Qc7 {[%emt 0:02:13]} 17. Be3 {[%emt 0:05:02]} Nb6 {[%emt 0:04:22]} 18. Rac1 {[%emt 0:02:06]} e5 {[%emt 0:12:54]} 19. Nf3 {[%emt 0:08:03]} Ng4 {[%emt 0:04:01]} 20. Qb3 {[%emt 0:17:00]} Nd7 {[%emt 0:09:07]} 21. Nd5 {[%emt 0:02:48]} Qd8 {[%emt 0:00:46]} 22. Bb6 {[%emt 0:00:27]} Nxb6 {[%emt 0:01:47]} 23. Nxb6 {[%emt 0:00:18]} Bd6 {[%emt 0:09:56]} 24. Nxa8 {[%emt 0:02:17]} Qe7 {[%emt 0:01:19]} 25. Qd5 {[%emt 0:09:03]} Rd8 {[%emt 0:02:53]} 26. Rxc8 {[%emt 0:00:48]} Rxc8 {[%emt 0:00:58]} 27. Qxd6 {[%emt 0:00:11]} Qxd6 {[%emt 0:02:03]} 28. Rxd6 {[%emt 0:00:22]} Rxa8 {[%emt 0:00:14]} 29. h3 {[%emt 0:00:20]} Nf6 {[%emt 0:00:33]} 30. Nxe5 {[%emt 0:00:17]} Re8 {[%emt 0:00:45]} 31. f4 {[%emt 0:01:01]} Nh5 {[%emt 0:02:54]} 1-0

[Event "106th British-ch 2019"]
[Site "Torquay"]
[Date "2019.07.30"]
[Round "4.27"]
[White "Kahn, Tito"]
[Black "Ledger, Dave J"]
[Result "0-1"]
[WhiteElo "1921"]
[BlackElo "2168"]
[Annotator "NA"]
[PlyCount "78"]
[EventDate "2019.07.27"]
[EventType "swiss"]
[EventCountry "GBR"]
[SourceTitle "playchess.com"]
[Source "ChessBase"]
[SourceQuality "1"]
[TimeControl "40/5400+30:1800+30"]

1. d4 {[%emt 0:00:00]} Nf6 {[%emt 0:00:00]} 2. Bf4 {[%emt 0:00:00]} c5 {[%emt 0:00:26]} 3. d5 {[%emt 0:01:01]} b5 {[%emt 0:01:38]} 4. c4 {[%emt 0:06:49]} d6 {[%emt 0:04:14]} 5. Qc2 {[%emt 0:02:54]} g6 {[%emt 0:04:20]} 6. e4 {[%emt 0:00:41]} Bg7 {[%emt 0:00:47]} 7. cxb5 {[%emt 0:09:51]} a6 {[%emt 0:01:03]} 8. b6 {[%emt 0:10:54]} O-O {[%emt 0:05:42]} 9. Nf3 {[%emt 0:00:37]} Qxb6 {[%emt 0:09:04]} 10. Nc3 {[%emt 0:00:22]} Ne8 {[%emt 0:01:27]} 11. Bd3 {[%emt 0:08:05]} Nc7 {[%emt 0:03:27]} 12. O-O {[%emt 0:01:29]} Nd7 {[%emt 0:03:18]} 13. Nd2 {[%emt 0:11:23]} Nb5 {[%emt 0:01:53]} 14. Nc4 {[%emt 0:02:05]} Qc7 {[%emt 0:00:46]} 15. Ne2 {[%emt 0:06:07]} Nb6 {[%emt 0:07:20]} 16. a4 {[%emt 0:04:20]} Nxc4 {[%emt 0:03:39]} 17. Bxc4 {[%emt 0:04:23]} Nd4 {[%emt 0:00:10]} 18. Nxd4 {[%emt 0:01:26]} Bxd4 {[%emt 0:00:50]} 19. Bd2 {[%emt 0:00:47]} f5 {[%emt 0:07:32]} 20. Bd3 {[%emt 0:02:49]} fxe4 {[%emt 0:00:53]} 21. Bxe4 {[%emt 0:00:01]} Bf5 {[%emt 0:00:23]} 22. Bc3 {[%emt 0:01:17]} Bxc3 {[%emt 0:03:08]} 23. bxc3 {[%emt 0:00:18]} c4 {[%emt 0:00:37]} 24. f3 {[%emt 0:08:00]} Rab8 {[%emt 0:03:22]} 25. g4 {[%emt 0:05:33]} Bxe4 {[%emt 0:00:44]} 26. Qxe4 {[%emt 0:01:19]} Rb3 {[%emt 0:04:31]} 27. Rac1 {[%emt 0:01:29]} Rb2 {[%emt 0:04:06]} 28. Kh1 {[%emt 0:02:49]} Rf7 {[%emt 0:01:25]} 29. f4 {[%emt 0:00:43]} Qd7 {[%emt 0:02:55]} 30. f5 {[%emt 0:01:10]} gxf5 {[%emt 0:00:21]} 31. gxf5 {[%emt 0:01:34]} Kf8 {[%emt 0:01:13]} 32. Rf3 {[%emt 0:00:15]} Qxa4 {[%emt 0:01:27]} 33. Rg3 {[%emt 0:00:55]} Qa2 {[%emt 0:01:30]} 34. Qh4 {[%emt 0:02:26]} Ke8 {[%emt 0:06:32]} 35. Re1 {[%emt 0:00:54]} Re2 {[%emt 0:02:41]} 36. Re3 {[%emt 0:00:35]} Rxe3 {[%emt 0:00:51]} 37. Rxe3 {[%emt 0:00:05]} Qb1+ {[%emt 0:00:12]} 38. Kg2 {[%emt 0:01:24]} Qxf5 {[%emt 0:00:18]} 39. Re1 {[%emt 0:00:53]} Rg7+ {[%emt 0:00:33]} 0-1

[Event "106th British-ch 2019"]
[Site "Torquay"]
[Date "2019.07.31"]
[Round "5.1"]
[White "Tan, Justin Hy"]
[Black "Howell, David W L"]
[Result "1/2-1/2"]
[WhiteElo "2513"]
[BlackElo "2697"]
[Annotator "TA"]
[PlyCount "121"]
[EventDate "2019.07.27"]
[EventType "swiss"]
[EventCountry "GBR"]
[SourceTitle "playchess.com"]
[Source "ChessBase"]
[SourceQuality "1"]

{[%evp 10,121,-18,0,-15,-6,0,-8,-16,-7,-4,-21,-15,-19,-15,-14,-26,-19,-6,-24,0,0,0,-21,-18,-22,-28,-39,-47,-39,-37,-47,-37,-60,-26,-27,-26,-21,-20,-58,-25,-30,-31,-39,-33,-50,-52,-62,-33,-39,-17,-17,0,0,0,0,0,-82,-86,-108,-69,-98,-90,-79,-8,-6,0,0,0,-276,-276,-256,-259,-240,-72,-105,-103,-106,-110,-129,-12,-34,0,-34,-34,-34,-34,-80,0,0,0,0,0,0,0,0,0,0,0,0,0,0,0,0,0,0,0,0,0,0,0,0,0,0]} 1. e4 e6 2. d4 d5 3. Bd3 dxe4 4. Bxe4 Nf6 5. Bf3 c5 6. Ne2 Be7 {C01: French: Exchange Variation} (6... Nc6 7. Be3 cxd4 8. Nxd4 Ne5 9. Nc3 a6 10. Qe2 Nxf3+ 11. Qxf3 e5 12. Nb3 Bb4 13. Bg5 h6 14. Rd1 {½-½ (31) Andriasian,Z (2604)-Martirosyan,H (2607) Yerevan 2019}) 7. Nbc3 $146 ({Predecessor:} 7. Be3 O-O 8. O-O Qa5 {½-½ (26) Doluhanova,E (2319)-Tomilova,E (2331) Rijeka 2018}) 7... O-O 8. Be3 Qa5 9. O-O Nc6 10. Qe1 cxd4 11. Nxd4 Ne5 12. Qe2 Nxf3+ 13. Qxf3 Bd7 14. Rfd1 Rfc8 15. h3 a6 16. Nb3 Qc7 17. Bf4 Qc6 18. Qe3 b5 19. Na5 Qc5 20. Qxc5 Bxc5 21. Be5 Be8 22. Nb7 Be7 23. Bd6 Kf8 24. Rd4 a5 (24... Ra7 $5 {[%cal Ra7b7]} 25. Bxe7+ Kxe7 $15) 25. Bxe7+ Kxe7 26. Nd6 Rc5 27. a3 Bc6 28. Rad1 Rb8 {Strongly threatening ...b4.} 29. R1d2 $1 b4 30. axb4 Rxb4 (30... axb4 $5 31. Nce4 $8 Nxe4 32. Nxe4 Bxe4 33. Rxe4 f5 $15) 31. Nc8+ Kf8 32. Rd8+ Ne8 33. Nd1 (33. Na7 $1 $11 Bb7 34. Kh2) 33... Rb8 $1 $36 {[%mdl 2048] Black is in control.} 34. Ne3 Bxg2 35. Nb6 Rxb6 36. Kxg2 Rxb2 (36... Rb7 $17) 37. R2d7 $11 f5 {Hoping for ...f4.} 38. Ra7 f4 39. Nf1 $2 {[%mdl 8192]} (39. Nd1 $1 $11 {and White has nothing to worry.} Rg5+ 40. Kf1) 39... Rcxc2 $19 40. Raa8 Rxf2+ 41. Kg1 g5 $2 (41... Rf3 $19 42. Rxe8+ Kf7) 42. Rxe8+ $17 Kf7 {...Rf3 is the strong threat.} 43. Rf8+ {[#]} Kg6 $1 44. Rxa5 {[#]} h6 (44... Rf3 $1 $17 {White must now prevent ...Rb1!} 45. Ra1 Rxh3) 45. Re5 Rg2+ 46. Kh1 Rge2 47. Rxe2 Rxe2 $15 {[%mdl 4096] Endgame KRN-KR} 48. Nh2 e5 (48... Kh5 $17 {aiming for ...Kh4.} 49. Nf3 Rf2) 49. Kg1 $11 {The position is equal.} e4 50. Ng4 Kh5 51. Kf1 {Intending Rf6 and mate.} f3 52. Ne5 Rh2 53. Ng4 Rxh3 54. Nf2 Rh2 {And now ...e3 would win.} (54... Rh4 $5 55. Re8 $8 Kg6 $11) 55. Nxe4 g4 56. Rf6 Ra2 57. Re6 Rb2 58. Rd6 Rb4 59. Re6 Rb2 60. Rd6 Rb4 61. Re6 {Accuracy: White = 66%, Black = 64%.} 1/2-1/2

[Event "106th British-ch 2019"]
[Site "Torquay"]
[Date "2019.07.31"]
[Round "5.2"]
[White "Adams, Michael"]
[Black "Palliser, Richard Jd"]
[Result "1-0"]
[WhiteElo "2690"]
[BlackElo "2399"]
[Annotator "TA"]
[PlyCount "55"]
[EventDate "2019.07.27"]
[EventType "swiss"]
[EventCountry "GBR"]
[SourceTitle "playchess.com"]
[Source "ChessBase"]
[SourceQuality "1"]

{[%evp 14,55,30,18,50,37,39,43,29,49,38,45,48,37,60,-4,-16,-6,88,86,87,50,41,19,18,11,2,0,14,0,23,14,64,21,24,25,70,16,317,306,311,318,311,311]} 1. e4 c5 2. Nf3 d6 3. d4 cxd4 4. Nxd4 Nf6 5. Nc3 a6 6. Bd3 g6 7. f3 Bg7 8. Be3 Nbd7 {B72: Sicilian Dragon: 6 Be3, lines with h3+Bc4 and sidelines} (8... Nc6 9. Qd2 Nxd4 10. Bxd4 Be6 11. g4 b5 12. h4 Qa5 13. a3 h6 14. O-O-O Rb8 15. g5 Nh5 16. Bxg7 Nxg7 17. gxh6 {½-½ (41) Anand,V (2779)-Navara,D (2739) Shamkir 2019}) 9. Qd2 Ne5 10. Be2 b5 {White is slightly better.} 11. O-O-O Bb7 $146 ({Predecessor:} 11... O-O 12. Bh6 Nc4 13. Bxc4 bxc4 14. Bxg7 Kxg7 15. h4 h5 16. Rdf1 Bd7 17. Qg5 Qb6 18. Nf5+ Bxf5 19. exf5 Rab8 20. Nd1 c3 21. b3 {0-1 (41) Adas,A (900)-Wieland,H (1684) Griesheim 2006}) 12. Bh6 Bxh6 13. Qxh6 b4 14. Na4 (14. Nd5 $1 $14) 14... Qa5 15. b3 Bc6 (15... Ned7 $11 {remains equal.}) 16. Nxc6 $16 Nxc6 17. Kb1 Na7 18. Qe3 Nb5 19. Kb2 Nd7 20. c4 $36 {[%mdl 2048] White is more active.} bxc3+ 21. Nxc3 {[%cal Ba4c3,Bc3b5,Bb5d6][%mdl 32]} Qa3+ 22. Kb1 O-O 23. Bxb5 axb5 24. Rd2 Ne5 25. Rc1 (25. Rhd1 $14) 25... e6 $2 {[%mdl 8192]} (25... Rfc8 $11 26. Rdc2 Qa5) 26. Nxb5 $18 {[%mdl 64] [#] Double Attack. White has a decisive advantage.} Qb4 27. Nxd6 Rfd8 28. Qc3 {Accuracy: White = 59%, Black = 29%.} 1-0

[Event "106th British-ch 2019"]
[Site "Torquay"]
[Date "2019.07.31"]
[Round "5.3"]
[White "Williams, Simon K"]
[Black "Haria, Ravi"]
[Result "1-0"]
[WhiteElo "2468"]
[BlackElo "2430"]
[Annotator "TA"]
[PlyCount "69"]
[EventDate "2019.07.27"]
[EventType "swiss"]
[EventCountry "GBR"]
[SourceTitle "playchess.com"]
[Source "ChessBase"]
[SourceQuality "1"]

{[%evp 16,68,4,0,9,4,16,13,21,18,57,64,92,96,93,93,89,87,164,162,147,158,241,236,242,241,289,302,616,435,421,421,420,420,413,274,282,285,306,298,307,298,308,306,295,253,387,352,2337,1504,29997,29998,29998,29999,29999]} 1. d4 e6 2. Nf3 Nf6 3. e3 d5 4. Bd3 Bd6 5. O-O O-O 6. b3 b6 7. Ne5 Bb7 8. Bb2 Nbd7 9. Nd2 {[%cal Bb1d2,Bd2f3,Bf3e5][%mdl 32]} Qe7 {D05: Colle System with ...e6} (9... Ne4 10. f3 Nxd2 11. Qxd2 f6 12. Nxd7 Qxd7 13. c4 c5 14. f4 f5 15. Rfd1 Qe7 16. Qf2 Rac8 17. Rac1 Rfd8 18. Rc2 Rc7 19. cxd5 Bxd5 20. Rdc1 Rdc8 21. Ba6 Rd8 22. Bd3 Rdc8 23. Ba6 Rd8 24. Bd3 {½-½ (24) Rakhmanov,A (2659)-Timofeev,A (2549) Khanty-Mansiysk 2017}) 10. Qf3 Ba3 11. Bxa3 Qxa3 {The position is equal.} 12. Qh3 {[#] Hoping for Nxd7.} g6 13. f4 Qe7 $146 ({Predecessor:} 13... c5 14. Ndf3 cxd4 15. exd4 {1-0 (31) Jovanovic,N (2324)-Djuric,Z (2219) Serbia 2009}) 14. Ndf3 Nxe5 15. fxe5 {Black must now prevent Qh4.} Nd7 16. Qg3 f6 {[#]} (16... c5 $16) 17. exf6 $1 $18 Nxf6 18. Ne5 Qg7 (18... Ne4 $16 {keeps fighting.} 19. Bxe4 dxe4) 19. Qh3 Rae8 20. Rf2 Bc8 21. Raf1 Nh5 $2 (21... Nd7 22. Rf7 Rxf7 23. Rxf7 Qh8) 22. g4 Rxf2 23. Rxf2 Nf6 24. g5 Nh5 25. Be2 Rf8 26. Bxh5 gxh5 27. Qxh5 Ba6 28. Qg4 Rxf2 29. Kxf2 Qf8+ 30. Qf3 Qe8 (30... Kg7 $142 31. Nc6 Bb5) 31. Qf6 {White threatens Ng4 and mate.} Qh5 $2 (31... Qf8 32. Kg3 Qxf6 33. gxf6 Bb5) 32. Qxe6+ Kf8 33. Nd7+ {White mates.} Kg7 34. Qf6+ Kg8 35. Qf8# {Accuracy: White = 93%, Black = 14%.} 1-0

[Event "106th British-ch 2019"]
[Site "Torquay"]
[Date "2019.07.31"]
[Round "5.4"]
[White "Pert, Richard G"]
[Black "Eggleston, David J"]
[Result "1/2-1/2"]
[WhiteElo "2430"]
[BlackElo "2399"]
[Annotator "TA"]
[PlyCount "100"]
[EventDate "2019.07.27"]
[EventType "swiss"]
[EventCountry "GBR"]
[SourceTitle "playchess.com"]
[Source "ChessBase"]
[SourceQuality "1"]

{[%evp 17,100,6,12,17,27,41,41,37,39,31,51,33,66,39,35,25,62,54,50,18,15,16,18,16,51,8,56,0,42,31,38,11,18,-22,-26,-41,-27,-43,-16,-50,-8,-20,-7,-15,0,0,0,0,0,-44,8,-10,-14,-30,51,57,138,129,125,19,40,39,40,33,74,21,27,0,0,0,0,0,0,0,0,0,0,0,0,0,1709,0,0,0,1214]} 1. e4 c5 2. Nc3 a6 3. g3 b5 4. Bg2 Bb7 5. Nge2 e6 6. O-O Nf6 7. a3 d6 8. d4 cxd4 9. Nxd4 Qc7 10. Re1 {B43: Sicilian: Kan Variation: 5 Nc3} Be7 11. a4 bxa4 12. Rxa4 {White is slightly better.} Nbd7 13. Nb3 Nb6 $146 ({Predecessor:} 13... Rb8 14. Bf1 Nb6 15. Ra1 Ra8 16. Na5 Bc8 17. Be3 O-O {½-½ (65) Chebotarev,O (2430)-Iljin,A (2472) Samara 2004}) 14. Rb4 e5 15. Na4 Nxa4 16. Rxa4 Bc6 17. Rc4 {Hoping for Nd4!} Qd7 18. Rc3 O-O 19. Na5 Bb5 20. Nc4 Qe6 21. Ne3 g6 22. h4 (22. g4 $14) 22... Rfc8 23. Rxc8+ Qxc8 24. Kh2 a5 25. Nd5 (25. g4 {is more complex.} h6 26. h5 Qc5 27. Bf3 Rc8 28. Kg2) 25... Nxd5 26. exd5 Bd7 27. c3 Bf6 28. h5 a4 29. Qf3 Qd8 30. Bh3 Bxh3 31. Kxh3 Bg5 32. Kg2 Rb8 33. Qe2 Kg7 (33... Bxc1 $15 34. Rxc1 Qb6) 34. Qc2 Bxc1 35. Qxc1 $11 {[%mdl 4096] Endgame KQR-KQR} Qf6 (35... Qb6 $11) 36. h6+ $14 Kg8 {[#]} ({Better is} 36... Kf8 $14) 37. Re4 $1 $16 Ra8 38. Qd1 ({White should play} 38. Rb4 $16) 38... Qg5 39. Rxa4 Rxa4 40. Qxa4 {[%cal Ra4e8]} Qxh6 $14 {KQ-KQ} 41. Qd7 (41. Qc2 $16) 41... g5 $11 42. Qf5 {Black must now prevent b4.} (42. Qg4 {is interesting.} Qg6 43. c4 Kf8 44. Qe2 Qf5 45. b4) 42... Qg6 43. Qxg6+ (43. Qg4 {looks sharper.} h6 44. Qe2 Qb1 45. b4 Qb3 46. Qd3) 43... fxg6 {KP-KP} 44. b4 {b5 is the strong threat.} Kf7 45. Kf3 h5 46. c4 Ke7 47. c5 Kd7 $1 48. Ke4 Kc7 $2 {[%mdl 8192] [#]} (48... Ke7 $11) 49. Kf3 $2 (49. b5 $1 $18 h4 50. b6+ Kb7 51. cxd6 Kxb6 52. Kxe5) 49... Kd7 $1 50. Ke4 $2 {[%mdl 8192]} (50. Ke3 $11) 50... Kc7 {[%mdl 32768] Accuracy: White = 44%, Black = 44%. . An unexpected result.} 1/2-1/2

[Event "106th British-ch 2019"]
[Site "Torquay"]
[Date "2019.07.31"]
[Round "5.5"]
[White "Smith, Andrew Philip"]
[Black "Wadsworth, Matthew J"]
[Result "0-1"]
[WhiteElo "2147"]
[BlackElo "2418"]
[Annotator "TA"]
[PlyCount "66"]
[EventDate "2019.07.27"]
[EventType "swiss"]
[EventCountry "GBR"]
[SourceTitle "playchess.com"]
[Source "ChessBase"]
[SourceQuality "1"]

{[%evp 15,66,6,18,0,7,8,7,6,8,0,6,-26,-12,-47,-27,-66,-51,-112,-70,-119,-114,-120,-121,-103,-98,-99,-110,-97,-106,-106,-104,-121,-93,-103,-89,-100,-93,-108,-91,-196,-185,-189,-191,-244,-244,-276,-272,-281,-268,-255,-262,-257,-247]} 1. e4 e6 2. d4 d5 3. Nc3 Bb4 4. e5 c5 5. a3 Bxc3+ 6. bxc3 Qa5 7. Bd2 Qa4 8. Qg4 Kf8 9. Qd1 {C18: French: 3 Nc3 Bb4: Main line: 7 h4 and 7 Qg4} (9. h4 Nc6 10. h5 h6 11. Qd1 cxd4 12. Nf3 dxc3 13. Bxc3 g5 14. hxg6 Qe4+ 15. Be2 Qxg6 16. Qd2 Nge7 17. Bd3 Qxg2 18. Ke2 Qg4 19. Rh4 Qg7 20. Rg1 Ng6 21. Rf4 Nce7 22. Bb4 a5 23. Rxg6 {1-0 (23) Caruana,F (2804)-Lenderman,A (2599) Saint Louis 2018}) 9... b6 10. dxc5 bxc5 11. c4 {The position is equal.} Ne7 12. cxd5 exd5 13. c4 $146 ({Predecessor:} 13. Nf3 h6 14. Rb1 Bf5 15. Bd3 Nd7 16. O-O Bxd3 17. cxd3 Qxd1 18. Rfxd1 {½-½ (41) Sutovsky,E (2622)-Kovalenko,I (2667) Poikovsky 2016}) 13... Qxd1+ 14. Rxd1 d4 15. Ba5 Na6 16. Bd3 (16. Bd2 $15) 16... Nc6 17. Bd2 Nxe5 18. Be4 Rb8 19. Bf4 f6 ({Not} 19... Nxc4 20. Bd3 $16) 20. Nf3 Nxf3+ ({Weaker is} 20... Nxc4 21. Bxb8 Nxb8 22. Nxd4 $1 $16 {[%mdl 512]}) 21. Bxf3 Rb6 22. O-O g5 23. Bg3 Bf5 24. Rfe1 h5 {...h4 is the strong threat.} 25. h4 g4 26. Bd5 Rh7 27. Re2 (27. f3 $17 {might work better.}) 27... Nc7 $19 28. Rde1 {[#]} d3 $1 {[%cal Rd3e2]} 29. Rd2 (29. Bxc7 {was called for.} Rxc7 30. Re8+ Kg7 31. Rd1) 29... Nxd5 30. cxd5 Rhb7 {Black has a decisive advantage.} 31. Kh2 {If White can now play Rc1 this consolidates a bit.} Kf7 {Strongly threatening ...Rb1.} 32. Rc1 Rb2 33. Bf4 {[#]} Rc2 $1 {Accuracy: White = 53%, Black = 90%.} 0-1